Every Governor of Michigan - Statistics

General Stats
  • This quiz has been taken 27 times
  • The average score is 8 of 49
Answer Stats
Picture Hint Answer % Correct
D(2019-) Gretchen Whitmer
100%
D(2003-2011) Jennifer Granholm
53%
R(1963-1969) George Romney
47%
R(2011-2019) Rick Snyder
47%
R(1927-1931) Fred W. Green
24%
D(1949-1961) G. Mennen Williams
24%
R(1861-1865) Austin Blair
18%
R(1865-1869) Henry H. Crapo
18%
R(1901-1905) Aaron T. Bliss
12%
R(1917-1921) Albert Sleeper
12%
R(1921-1927) Alex J. Groesbeck
12%
D(1846-1847) Alpheus Felch
12%
D(1853-1855) Andrew Parsons
12%
R(1877-1881) Charles Croswell
12%
R(1911-1913) Chase Osborn
12%
R(1887-1891) Cyrus G. Luce
12%
R(1881-1883) David Jerome
12%
D(1891-1893) Edwin B. Winans
12%
D(1848-1850) Epaphroditus Ransom
12%
R(1939-1939) Frank Fitzgerald
12%
R(1935-1937) Frank Fitzgerald
12%
D(1937-1939) Frank Murphy
12%
R(1905-1911) Fred M. Warner
12%
R(1943-1947) Harry Kelly
12%
R(1897-1901) Hazen S. Pingree
12%
R(1869-1873) Henry P. Baldwin
12%
D(1983-1991) James Blanchard
12%
W(1841-1842) James Wright Gordon
12%
R(1991-2003) John Engler
12%
R(1873-1877) John J. Bagley
12%
D(1850-1852) John S. Barry
12%
D(1842-1846) John S. Barry
12%
D(1961-1963) John Swainson
12%
R(1893-1897) John Treadway Rich
12%
D(1883-1885) Josiah Begole
12%
R(1947-1949) Kim Sigler
12%
R(1855-1859) Kinsley S. Bingham
12%
R(1939-1941) Luren Dickinson
12%
R(1859-1861) Moses Wisner
12%
D(1941-1943) Murray Van Wagoner
12%
D(1852-1853) Robert McClelland
12%
R(1885-1887) Russell A. Alger
12%
D(1835-1840) Stevens T. Mason
12%
R(1931-1933) Wilber M. Brucker
12%
D(1933-1935) William Comstock
12%
D(1847-1848) William L. Greenly
12%
R(1969-1983) William Milliken
12%
W(1840-1841) William Woodbridge
12%
D(1913-1917) Woodbridge N. Ferris
12%
No matching quizzes found
Score Distribution
Percent of People with Each Score
Percentile by Number Answered
Your Score History
You have not taken this quiz